<?xml version="1.0" encoding="UTF-8"?>
<collection xmlns="http://www.loc.gov/MARC21/slim">
 <record>
  <leader>05511nam a2200385 a 4500</leader>
  <controlfield tag="001">kal1104</controlfield>
  <controlfield tag="003">Gr-AtHEAL</controlfield>
  <controlfield tag="005">20160426134019.0</controlfield>
  <controlfield tag="006">m        d        </controlfield>
  <controlfield tag="008">160413s2015    gr      s           gre|c</controlfield>
  <datafield tag="020" ind1=" " ind2=" ">
   <subfield code="a">9789606031779</subfield>
  </datafield>
  <datafield tag="040" ind1=" " ind2=" ">
   <subfield code="a">GR-AtHEAL</subfield>
   <subfield code="b">gre</subfield>
   <subfield code="c">GR-AtHEAL</subfield>
  </datafield>
  <datafield tag="082" ind1="0" ind2="4">
   <subfield code="a">624</subfield>
   <subfield code="2">23</subfield>
  </datafield>
  <datafield tag="100" ind1="1" ind2=" ">
   <subfield code="a">Χατζηγώγος, Θεόδωρος.</subfield>
   <subfield code="8">1920</subfield>
  </datafield>
  <datafield tag="245" ind1="1" ind2="0">
   <subfield code="a">Ανάλυση προβλημάτων γεωτεχνικής μηχανικής με τη μέθοδο των πεπερασμένων στοιχείων</subfield>
   <subfield code="h">[Ηλεκτρονικός πόρος] </subfield>
   <subfield code="c">Χατζηγώγος, Θεόδωρος ; Καραουλάνης, Φώτιος ; Κριτικός αναγνώστης,Τσότσος, Στέφανος ; Γλωσσική επιμέλεια,Σακελλαρίου, Αναστασία.</subfield>
  </datafield>
  <datafield tag="260" ind1=" " ind2=" ">
   <subfield code="a">Αθήνα :</subfield>
   <subfield code="b">Σύνδεσμος Ελληνικών Ακαδημαϊκών Βιβλιοθηκών,</subfield>
   <subfield code="c">c2015.</subfield>
  </datafield>
  <datafield tag="490" ind1=" " ind2=" ">
   <subfield code="a">Ακαδημαϊκά Ηλεκτρονικά Συγγράμματα και Βοηθήματα Κάλλιπος</subfield>
   <subfield code="8">40</subfield>
  </datafield>
  <datafield tag="520" ind1=" " ind2=" ">
   <subfield code="a">Οι αριθμητικές μέθοδοι αποτελούν ένα από τα πιο σημαντικά εργαλεία προσομοίωσης και ανάλυσης προβλημάτων της Μηχανικής γενικά, αλλά και της Γεωτεχνικής Μηχανικής ειδικότερα. Η ραγδαία ανάπτυξη των Ηλεκτρονικών Υπολογιστών τα τελευταία χρόνια σε συνδυασμό με την αντίστοιχη πρόοδο που παρατηρείται στην περιοχή της Υπολογιστικής Μηχανικής, έχουν καταστήσει ουσιαστικά την χρήση των αριθμητικών μεθόδων και κυρίως της Μεθόδου των Πεπερασμένων Στοιχείων, ως αποκλειστική επιλογή κατά την επίλυση προβλημάτων όπως π.χ. αυτών των θεμελιώσεων, των εκσκαφών, των αντιστηρίξεων και της διάνοιξης σηράγγων σε αστικό ή μη περιβάλλον. Για τον σκοπό αυτό κρίνεται απαραίτητη η κατανόηση της Θεωρίας της Μεθόδου των Πεπερασμένων Στοιχείων και της εφαρμογής της σε προβλήματα Γεωτεχνικής Μηχανικής. Το βιβλίο &quot;Ανάλυση Προβλημάτων Γεωτεχνικής Μηχανικής με τη Μέθοδο των Πεπερασμένων Στοιχείων&quot; επιχειρεί να εισάγει τον αναγνώστη στη διαδικασία της προσομοίωσης του φυσικού προβλήματος ως μία διαδικασία σύνθεσης στοιχείων και τεχνικών της Μεθόδου των Πεπερασμένων Στοιχείων. Το βιβλίο διαρθρώνεται σε 3 βασικούς άξονες:1. Την παρουσίαση της θεωρητικού υπόβαθρου αλλά και στοιχείων προγραμματισμού της Μεθόδου των Πεπερασμένων Στοιχείων.2. Την κατανόηση των ιδιαιτεροτήτων που παρουσιάζουν τα γεωτεχνικά προβλήματα κατά την ανάλυση/προσομοίωση με τη Μέθοδο των Πεπερασμένων Στοιχείων.3. Την εφαρμογή της Μεθόδου, ως μία συνθετική διαδικασία, σε προβλήματα Γεωτεχνικής Μηχανικής.Το βιβλίο απευθύνεται σε προπτυχιακούς και μεταπτυχιακούς φοιτητές και ερευνητές στο πεδίο της Γεωτεχνικής Μηχανικής και γενικότερα σε μηχανικούς που ασχολούνται με γεωτεχνικά προβλήματα.</subfield>
  </datafield>
  <datafield tag="650" ind1=" " ind2="0">
   <subfield code="a">Geotechnical engineering</subfield>
   <subfield code="8">2571</subfield>
  </datafield>
  <datafield tag="650" ind1=" " ind2="0">
   <subfield code="a">Rock mechanics</subfield>
   <subfield code="8">2572</subfield>
  </datafield>
  <datafield tag="653" ind1=" " ind2=" ">
   <subfield code="a">Γεωτεχνικά έργα</subfield>
  </datafield>
  <datafield tag="653" ind1=" " ind2=" ">
   <subfield code="a">Υπολογιστική εδαφομηχανική</subfield>
  </datafield>
  <datafield tag="653" ind1=" " ind2=" ">
   <subfield code="a">Αντιστηρίξεις</subfield>
  </datafield>
  <datafield tag="653" ind1=" " ind2=" ">
   <subfield code="a">Θεμελιώσεις</subfield>
  </datafield>
  <datafield tag="653" ind1=" " ind2=" ">
   <subfield code="a">Μέθοδος των πεπερασμένων στοιχείων</subfield>
  </datafield>
  <datafield tag="653" ind1=" " ind2=" ">
   <subfield code="a">Αριθμητικές μέθοδοι</subfield>
  </datafield>
  <datafield tag="653" ind1=" " ind2=" ">
   <subfield code="a">Τεχνολογία και επιστήμες μηχανικών</subfield>
   <subfield code="a">Τεχνολογία και μηχανική κατασκευών</subfield>
   <subfield code="a">Εδαφομηχανική και θεμελιώσεις</subfield>
  </datafield>
  <datafield tag="653" ind1=" " ind2=" ">
   <subfield code="a">Τεχνολογία και επιστήμες μηχανικών</subfield>
   <subfield code="a">Τεχνολογία και μηχανική κατασκευών</subfield>
  </datafield>
  <datafield tag="700" ind1="1" ind2=" ">
   <subfield code="a">Καραουλάνης, Φώτιος</subfield>
   <subfield code="e">Συγγραφέας</subfield>
   <subfield code="8">1921</subfield>
  </datafield>
  <datafield tag="700" ind1="1" ind2=" ">
   <subfield code="a">Τσότσος, Στέφανος</subfield>
   <subfield code="e">Κριτικός αναγνώστης</subfield>
   <subfield code="8">1922</subfield>
  </datafield>
  <datafield tag="856" ind1="4" ind2="0">
   <subfield code="u">http://hdl.handle.net/11419/1104</subfield>
   <subfield code="z">Πλήρες Κείμενο - Full text</subfield>
  </datafield>
  <datafield tag="907" ind1=" " ind2=" ">
   <subfield code="a">.b25677792</subfield>
   <subfield code="b">12-06-18</subfield>
   <subfield code="c">29-07-16</subfield>
  </datafield>
  <datafield tag="949" ind1=" " ind2=" ">
   <subfield code="0">0</subfield>
   <subfield code="1">0</subfield>
   <subfield code="2">ddc</subfield>
   <subfield code="4">0</subfield>
   <subfield code="6">624_000000000000000_ΧΑΤ</subfield>
   <subfield code="7">0</subfield>
   <subfield code="8">KALL</subfield>
   <subfield code="8">537</subfield>
   <subfield code="d">2016-04-13</subfield>
   <subfield code="r">2016-04-13</subfield>
   <subfield code="w">2016-04-13</subfield>
   <subfield code="z">624 ΧΑΤ</subfield>
   <subfield code="o">SEAB KALLIPOS</subfield>
  </datafield>
  <datafield tag="998" ind1=" " ind2=" ">
   <subfield code="a">80</subfield>
   <subfield code="a">01</subfield>
   <subfield code="a">02</subfield>
   <subfield code="a">03</subfield>
   <subfield code="a">04</subfield>
   <subfield code="a">05</subfield>
   <subfield code="a">06</subfield>
   <subfield code="a">07</subfield>
   <subfield code="a">08</subfield>
   <subfield code="a">09</subfield>
   <subfield code="a">10</subfield>
   <subfield code="a">11</subfield>
   <subfield code="a">12</subfield>
   <subfield code="a">13</subfield>
   <subfield code="a">14</subfield>
   <subfield code="a">15</subfield>
   <subfield code="a">16</subfield>
   <subfield code="a">17</subfield>
   <subfield code="a">18</subfield>
   <subfield code="a">19</subfield>
   <subfield code="a">20</subfield>
   <subfield code="a">21</subfield>
   <subfield code="a">22</subfield>
   <subfield code="a">23</subfield>
   <subfield code="a">24</subfield>
   <subfield code="a">25</subfield>
   <subfield code="a">26</subfield>
   <subfield code="b">11-05-17</subfield>
   <subfield code="c">m</subfield>
   <subfield code="d">z  </subfield>
   <subfield code="e">-</subfield>
   <subfield code="f">gre</subfield>
   <subfield code="g">gr </subfield>
   <subfield code="h">0</subfield>
  </datafield>
  <datafield tag="942" ind1=" " ind2=" ">
   <subfield code="2">ddc</subfield>
   <subfield code="c">KALLIPOS</subfield>
  </datafield>
 </record>
</collection>
